Влияние порообразующих добавок на морфологическое строение и свойства пористого материала AL2TIO5; Вопросы материаловедения; № 1

Bibliographic Details
Parent link:Вопросы материаловедения: научно-технический журнал/ ЦНИИ конструкционных материалов "Прометей"; Общество материаловедов.— , 2006-
№ 1.— 2008.— [С. 97-103]
Other Authors: Севостьянова И. Н., Молчунова Л. М., Гнюсов С. Ф. Сергей Фёдорович, Анисимов В. Ж., Кульков С. Н.
Summary:Заглавие с экрана
Изучено влияние порообразующих добавок на формирование поровой структуры, фазового состава и предела прочности при изгибе высокопористого материала в процессе его реакционного спекания. Показано, что введение порообразователя в исходную смесь порошков приводит к формированию бимодальной поровой структуры, а прочность при изгибе изменяется по экспоненциальному закону.
It have been studied the influence of pore-formation additives on a morphological structure and mechanical properties of a porous Al2TiO5 after reaction sintering. It have been shown that in material is formed a bi-modal porous structure with bending strength changed by exponential law
Режим доступа: по договору с организацией-держателем ресурса
Language:Russian
Published: 2008
Subjects:
Online Access:https://elibrary.ru/item.asp?id=11914696
Format: MixedMaterials Electronic Book Chapter
KOHA link:https://koha.lib.tpu.ru/cgi-bin/koha/opac-detail.pl?biblionumber=655567

MARC

LEADER 00000naa0a2200000 4500
001 655567
005 20250321145236.0
035 |a (RuTPU)RU\TPU\network\21769 
035 |a RU\TPU\network\9268 
090 |a 655567 
100 |a 20170912d2008 k||y0rusy50 ca 
101 0 |a rus 
102 |a RU 
135 |a drcn ---uucaa 
181 0 |a i  
182 0 |a b 
200 1 |a Влияние порообразующих добавок на морфологическое строение и свойства пористого материала AL2TIO5  |d The Influence of pore-formation additives on a morphological structure and properties of a porous Al2TiO5  |f И. Н. Севостьянова [и др.] 
203 |a Текст  |c электронный 
300 |a Заглавие с экрана 
330 |a Изучено влияние порообразующих добавок на формирование поровой структуры, фазового состава и предела прочности при изгибе высокопористого материала в процессе его реакционного спекания. Показано, что введение порообразователя в исходную смесь порошков приводит к формированию бимодальной поровой структуры, а прочность при изгибе изменяется по экспоненциальному закону. 
330 |a It have been studied the influence of pore-formation additives on a morphological structure and mechanical properties of a porous Al2TiO5 after reaction sintering. It have been shown that in material is formed a bi-modal porous structure with bending strength changed by exponential law 
333 |a Режим доступа: по договору с организацией-держателем ресурса 
461 |t Вопросы материаловедения  |o научно-технический журнал  |f ЦНИИ конструкционных материалов "Прометей"; Общество материаловедов  |d 2006- 
463 |t № 1  |v [С. 97-103]  |d 2008 
510 1 |a The Influence of pore-formation additives on a morphological structure and properties of a porous Al2TiO5  |z eng 
610 1 |a электронный ресурс 
610 1 |a труды учёных ТПУ 
610 1 |a поровая структура 
610 1 |a порообразующая добавка 
610 1 |a реакционное спекание 
701 1 |a Севостьянова  |b И. Н. 
701 1 |a Молчунова  |b Л. М. 
701 1 |a Гнюсов  |b С. Ф.  |c специалист в области машиностроения  |c профессор Томского политехнического университета, доктор технических наук  |f 1960-  |g Сергей Фёдорович  |3 (RuTPU)RU\TPU\pers\26508 
701 1 |a Анисимов  |b В. Ж. 
701 1 |a Кульков  |b С. Н. 
801 2 |a RU  |b 63413507  |c 20170912  |g RCR 
856 4 |u https://elibrary.ru/item.asp?id=11914696 
942 |c CF